[Event "4NCL"]
[Site "De Vere, Sunningdale, ENG"]
[Date "2011.02.19"]
[Round "5.36"]
[White "Szymanski, Mark"]
[Black "Clapham, Michael JW"]
[Result "0-1"]
[WhiteElo "1906"]
[BlackElo "1916"]
[PlyCount "60"]
[EventDate "2011.??.??"]
[WhiteTeam "Iceni"]
[BlackTeam "Anglian Avengers 2"]

1. d4 Nf6 2. Nf3 b6 3. e3 Bb7 4. Bd3 e6 5. b3 c5 6. Bb2 d6 7. Nbd2 Be7 8. O-O
O-O 9. Qe2 Nbd7 10. Rad1 cxd4 11. exd4 Rc8 12. c4 Re8 13. Rfe1 Nf8 14. Ng5 h6
15. Nge4 Nxe4 16. Nxe4 d5 17. Nd2 Bf6 18. Nf3 Nd7 19. Bb1 dxc4 20. bxc4 Bxf3
21. Qxf3 Qc7 22. Qe4 Nf8 23. Rc1 Qc6 24. Qg4 Qa4 25. Qe2 Bg5 26. Rc3 Red8 27.
Rg3 Qxc4 28. Qh5 Qb4 29. Qe2 Qd2 30. Qe4 Qxb2 0-1

[Event "4NCL"]
[Site "De Vere, Sunningdale, ENG"]
[Date "2011.02.19"]
[Round "5.37"]
[White "Peat, Matthew"]
[Black "Hosken, Nigel K"]
[Result "0-1"]
[WhiteElo "2059"]
[BlackElo "2101"]
[PlyCount "102"]
[EventDate "2011.??.??"]
[WhiteTeam "AMCA Rhinos"]
[BlackTeam "Gloucestershire Gambits"]

1. d4 d5 2. c4 c6 3. Nf3 Nf6 4. e3 Bg4 5. Qb3 Qb6 6. Nc3 e6 7. Nh4 Be7 8. h3
Bh5 9. g4 Bg6 10. Nxg6 hxg6 11. Bg2 Nbd7 12. Bd2 Qxb3 13. axb3 Nb6 14. c5 Nbd7
15. b4 O-O 16. b5 e5 17. O-O Ne8 18. bxc6 bxc6 19. Ra6 Nb8 20. Ra4 Nc7 21. Rfa1
a6 22. Bf1 f5 23. Kg2 f4 24. b4 exd4 25. exd4 Ne6 26. b5 cxb5 27. Bxb5 Bf6 28.
Nxd5 Bxd4 29. c6 Bxa1 30. Rxa1 axb5 31. Rxa8 Nxc6 32. Rxf8+ Kxf8 33. Nxf4 Nxf4+
34. Bxf4 b4 35. Kf1 b3 36. Bc1 Ne5 37. Ke2 Nc4 38. Kd3 b2 39. Bxb2 Nxb2+ 40.
Kd4 Kf7 41. f3 Na4 42. h4 Nb6 43. Ke5 Ke7 44. h5 Nd7+ 45. Kf4 gxh5 46. gxh5 Kf6
47. Kg4 Ne5+ 48. Kg3 Kf5 49. h6 gxh6 50. Kh4 Kf4 51. Kh5 Nf7 0-1

[Event "4NCL"]
[Site "De Vere, Sunningdale, ENG"]
[Date "2011.02.19"]
[Round "5.37"]
[White "Jeffries, Majid"]
[Black "Lambourne, Daniel M"]
[Result "1/2-1/2"]
[WhiteElo "2009"]
[BlackElo "1996"]
[PlyCount "81"]
[EventDate "2011.??.??"]
[WhiteTeam "AMCA Rhinos"]
[BlackTeam "Gloucestershire Gambits"]

1. Nf3 d5 2. b3 Bg4 3. e3 Nf6 4. Bb2 Nbd7 5. Be2 e6 6. O-O Bd6 7. d4 c6 8. Nbd2
Qc7 9. c4 Ne4 10. h3 Nxd2 11. Qxd2 Bh5 12. Rac1 Nf6 13. Ne5 Ne4 14. Qd1 Bg6 15.
Bd3 Qa5 16. Nxg6 hxg6 17. Qc2 Nf6 18. c5 Bb8 19. f4 Qc7 20. Rf3 Qe7 21. Bc3 Bc7
22. b4 Qd7 23. a4 a6 24. Rb1 b5 25. cxb6 Bxb6 26. Be1 O-O 27. a5 Bc7 28. Rc1
Bd6 29. Qxc6 Qe7 30. Qa4 Rfb8 31. Rb1 Ne8 32. Rf2 Nc7 33. Qc6 Ra7 34. Rfb2 Nb5
35. Bxb5 Rxb5 36. Kh2 g5 37. g3 gxf4 38. Qc8+ Kh7 39. Qc2+ g6 40. exf4 Rc7 41.
Qd3 1/2-1/2

[Event "4NCL"]
[Site "De Vere, Sunningdale, ENG"]
[Date "2011.02.19"]
[Round "5.37"]
[White "Waterfield, John W"]
[Black "Staples, Daniel J"]
[Result "0-1"]
[WhiteElo "2005"]
[BlackElo "1994"]
[PlyCount "86"]
[EventDate "2011.??.??"]
[WhiteTeam "Gloucestershire Gambits"]
[BlackTeam "AMCA Rhinos"]

1. e4 d6 2. d4 Nf6 3. Nc3 e5 4. Nf3 Nbd7 5. h3 Be7 6. g4 h6 7. Bg2 c6 8. a4 a5
9. O-O Qc7 10. Nh4 Nxe4 11. Nxe4 Bxh4 12. dxe5 dxe5 13. Nd6+ Kf8 14. f4 Be7 15.
fxe5 Nxe5 16. Nxc8 Rxc8 17. Qd4 Qd6 18. Qe4 Rd8 19. Be3 Bf6 20. Bb6 Rd7 21.
Bxa5 Qc5+ 22. Kh1 Qxa5 23. b4 Qc7 24. b5 Ke7 25. Rac1 Re8 26. h4 Kd8 27. bxc6
bxc6 28. Rf5 Rde7 29. Qb4 Nd7 30. Rd1 Bxh4 31. Rff1 Re2 32. Qd4 Bf6 33. Qc4
R8e6 34. a5 Qg3 35. Rxd7+ Ke8 36. Re7+ Kxe7 37. Qc5+ Qd6 38. Qa7+ Qd7 39. Qc5+
Rd6 40. Bf3 Re5 41. Qb6 Rh5+ 42. gxh5 Qh3+ 43. Kg1 Bd4+ 0-1

[Event "4NCL"]
[Site "De Vere, Sunningdale, ENG"]
[Date "2011.02.19"]
[Round "5.37"]
[White "Sparkes, Daniel A"]
[Black "Meade, Philip J"]
[Result "1/2-1/2"]
[WhiteElo "1960"]
[BlackElo "1958"]
[PlyCount "82"]
[EventDate "2011.??.??"]
[WhiteTeam "AMCA Rhinos"]
[BlackTeam "Gloucestershire Gambits"]

1. e4 c5 2. Nc3 Nc6 3. f4 g6 4. Nf3 Bg7 5. Bb5 Nd4 6. O-O Nxb5 7. Nxb5 a6 8.
Nc3 d6 9. d3 e6 10. f5 exf5 11. exf5 Bxf5 12. Re1+ Be6 13. Ng5 Bxc3 14. bxc3
Qd7 15. c4 Ne7 16. Bb2 O-O-O 17. Bxh8 Rxh8 18. Qe2 Nc6 19. Nxe6 fxe6 20. Qxe6
Qxe6 21. Rxe6 Kd7 22. Rae1 Rf8 23. c3 Ne5 24. R6xe5 dxe5 25. Rxe5 Kd6 26. Rd5+
Kc6 27. d4 b6 28. a4 a5 29. h3 Rf4 30. Rd8 Kc7 31. Rd5 Kc6 32. Kh2 Rf2 33. Re5
Kd6 34. Re8 cxd4 35. cxd4 Rc2 36. c5+ bxc5 37. dxc5+ Rxc5 38. Ra8 Ke5 39. h4
Kf4 40. Ra7 h5 41. Ra6 g5 1/2-1/2

[Event "4NCL"]
[Site "De Vere, Sunningdale, ENG"]
[Date "2011.02.19"]
[Round "5.37"]
[White "Taylor, Geoffrey P"]
[Black "Tunstall, George S"]
[Result "0-1"]
[WhiteElo "1950"]
[BlackElo "1934"]
[PlyCount "46"]
[EventDate "2011.??.??"]
[WhiteTeam "Gloucestershire Gambits"]
[BlackTeam "AMCA Rhinos"]

1. e4 c5 2. Nf3 Nc6 3. d4 cxd4 4. Nxd4 e5 5. Nb5 a6 6. Nd6+ Bxd6 7. Qxd6 Qf6 8.
Qd1 Nge7 9. Be3 O-O 10. Nc3 Qg6 11. g3 d6 12. Bc4 b5 13. Bd3 Nb4 14. O-O Nxd3
15. Qxd3 f5 16. Nd5 Nxd5 17. Qxd5+ Be6 18. Qxd6 f4 19. Bb6 Rae8 20. Kh1 fxg3
21. fxg3 Qxe4+ 22. Kg1 Rxf1+ 23. Rxf1 Bh3 0-1

[Event "4NCL"]
[Site "De Vere, Sunningdale, ENG"]
[Date "2011.02.19"]
[Round "5.38"]
[White "Gibson, Christopher A"]
[Black "Dias, Theodore R"]
[Result "1-0"]
[WhiteElo "1984"]
[BlackElo "1780"]
[PlyCount "97"]
[EventDate "2011.??.??"]
[WhiteTeam "The Rookies"]
[BlackTeam "e2e4.org.uk 4"]

1. d4 Nf6 2. c4 c5 3. d5 b5 4. cxb5 a6 5. bxa6 Bxa6 6. g3 d6 7. Bg2 g6 8. Nf3
Bg7 9. Nc3 O-O 10. O-O Nbd7 11. Rb1 Ng4 12. Qc2 Qa5 13. Bd2 Bxc3 14. Bxc3 Qxa2
15. Qe4 Ndf6 16. Bxf6 Nxf6 17. Qxe7 Nxd5 18. Qxd6 Bxe2 19. Rfe1 Nb4 20. Ne5
Rac8 21. Nd7 Nd3 22. Nxf8 Rxf8 23. Bd5 c4 24. Bxc4 Qxc4 25. Rxe2 Nf4 26. Ree1
Ne2+ 27. Kg2 Qe4+ 28. f3 Qc2 29. Kf1 Re8 30. Qd1 Qf5 31. Kg2 Re3 32. Rf1 Qg5
33. Qd6 Re6 34. Qb8+ Kg7 35. Rbd1 Rf6 36. Qb7 Nf4+ 37. Kh1 Ne2 38. Qe4 Re6 39.
Qg4 Qb5 40. b4 h5 41. Qh4 g5 42. Qh3 Qxb4 43. Qf5 g4 44. Rd7 Qf8 45. Qg5+ Kh7
46. Qxh5+ Rh6 47. Rxf7+ Qxf7 48. Qxf7+ Kh8 49. Qf8+ 1-0

[Event "4NCL"]
[Site "De Vere, Sunningdale, ENG"]
[Date "2011.02.19"]
[Round "5.38"]
[White "Waddingham, Paul J"]
[Black "Jaszkiwskyj, Peter"]
[Result "0-1"]
[WhiteElo "1664"]
[BlackElo "2002"]
[PlyCount "150"]
[EventDate "2011.??.??"]
[WhiteTeam "e2e4.org.uk 4"]
[BlackTeam "The Rookies"]

1. g3 Nf6 2. Bg2 d5 3. d4 c6 4. Nc3 Bf5 5. Nf3 e6 6. h3 h6 7. Ne5 Nbd7 8. Nd3
Be7 9. O-O O-O 10. f3 Qb6 11. Be3 e5 12. Na4 Qc7 13. b4 b6 14. Nab2 exd4 15.
Bxd4 c5 16. Bf2 c4 17. Nf4 Qc6 18. g4 Bh7 19. h4 Bd6 20. e3 Be5 21. Rb1 Qd6 22.
g5 hxg5 23. hxg5 Bxb2 24. Rxb2 Qe5 25. Qd4 Qxg5 26. c3 Ne5 27. Bh4 Nxf3+ 28.
Rxf3 Qxh4 29. Rh3 Qe1+ 30. Bf1 Bf5 31. Re2 Qb1 32. Rh1 Qe4 33. Reh2 Nh7 34.
Nxd5 Qxd4 35. exd4 Rfe8 36. Kf2 b5 37. Nc7 Rab8 38. Bg2 Rec8 39. Nd5 Re8 40.
Ne3 Bg6 41. Ng4 Rb6 42. Ne5 Rf6+ 43. Kg3 Bf5 44. Bc6 Rxe5 45. dxe5 Rxc6 46. Kf4
Bd3 47. a4 a6 48. axb5 axb5 49. Ra1 g5+ 50. Ke3 Nf8 51. Ra7 Rb6 52. Rf2 Bg6 53.
Rf6 Ne6 54. Rf1 Kg7 55. Rd1 Bd3 56. Rda1 Rb8 57. R1a6 Nf4 58. Kd4 Ne2+ 59. Kc5
g4 60. e6 g3 61. e7 g2 62. Ra1 Re8 63. Kd6 f5 64. Ra8 Rxa8 65. Rxa8 g1=Q 66.
e8=Q Qg6+ 67. Qxg6+ Kxg6 68. Kc5 Nxc3 69. Rb8 f4 70. Kd4 Ne2+ 71. Ke5 c3 72.
Rc8 c2 73. Rc6+ Kg5 74. Rc5 c1=Q 75. Kd6+ Kg6 0-1

[Event "4NCL"]
[Site "De Vere, Sunningdale, ENG"]
[Date "2011.02.19"]
[Round "5.38"]
[White "Jones, Christopher M"]
[Black "Fowler, David J"]
[Result "1-0"]
[WhiteElo "2024"]
[BlackElo "1719"]
[PlyCount "61"]
[EventDate "2011.??.??"]
[WhiteTeam "The Rookies"]
[BlackTeam "e2e4.org.uk 4"]

1. e4 e6 2. d4 d5 3. Nd2 Nf6 4. e5 Nfd7 5. Bd3 c5 6. c3 Nc6 7. Ne2 cxd4 8. cxd4
f6 9. exf6 Nxf6 10. O-O Bd6 11. Nf3 O-O 12. Re1 Ne4 13. Ng3 Nxg3 14. hxg3 Qf6
15. Bg5 Qf7 16. Be3 h6 17. Rc1 Bd7 18. Bb1 e5 19. dxe5 Nxe5 20. Nxe5 Bxe5 21.
Rc5 Bc6 22. Qc2 g5 23. Qd2 Qf6 24. b4 Rae8 25. b5 Bd6 26. bxc6 d4 27. Bxg5
Rxe1+ 28. Qxe1 hxg5 29. Rf5 Qe7 30. Qxe7 Bxe7 31. Rxf8+ 1-0

[Event "4NCL"]
[Site "De Vere, Sunningdale, ENG"]
[Date "2011.02.19"]
[Round "5.38"]
[White "Homer, Neil S"]
[Black "Compton, Alistair"]
[Result "0-1"]
[WhiteElo "1673"]
[BlackElo "2046"]
[PlyCount "52"]
[EventDate "2011.??.??"]
[WhiteTeam "e2e4.org.uk 4"]
[BlackTeam "The Rookies"]

1. Nf3 d5 2. d4 e6 3. c4 c5 4. cxd5 exd5 5. Nc3 Nc6 6. g3 Nf6 7. Bg2 Be7 8. O-O
O-O 9. Bg5 c4 10. Bxf6 Bxf6 11. e4 dxe4 12. Nxe4 Bg4 13. h3 Bxf3 14. Nxf6+ Qxf6
15. Bxf3 Nxd4 16. Bxb7 Rab8 17. Bg2 Rxb2 18. Qg4 c3 19. Rad1 Ne2+ 20. Kh2 c2
21. Rc1 Nxc1 22. Rxc1 Qxf2 23. Qe4 Qd2 24. Qf4 Qxf4 25. gxf4 Rd8 26. Be4 Rd1
0-1

[Event "4NCL"]
[Site "De Vere, Sunningdale, ENG"]
[Date "2011.02.19"]
[Round "5.38"]
[White "Turvey, Steven S"]
[Black "Dean, Michael"]
[Result "1-0"]
[WhiteElo "1847"]
[BlackElo "1641"]
[PlyCount "53"]
[EventDate "2011.??.??"]
[WhiteTeam "The Rookies"]
[BlackTeam "e2e4.org.uk 4"]

1. e4 e5 2. Nf3 Nc6 3. Bc4 Be7 4. c3 Nf6 5. d3 O-O 6. O-O h6 7. Re1 d6 8. h3
Na5 9. Nbd2 Nxc4 10. Nxc4 Nh7 11. d4 f5 12. dxe5 Be6 13. exd6 cxd6 14. Qd3 Rc8
15. Ne3 f4 16. Nd5 g5 17. Nd4 Bd7 18. e5 dxe5 19. Rxe5 Bf6 20. Nxf6+ Rxf6 21.
Bd2 Qf8 22. Rae1 Re8 23. Qc4+ Kh8 24. Qc7 Rxe5 25. Rxe5 Qc8 26. Rc5 Qf8 27. Rd5
1-0

[Event "4NCL"]
[Site "De Vere, Sunningdale, ENG"]
[Date "2011.02.19"]
[Round "5.39"]
[White "Fishburne, Stewart K"]
[Black "Taylor, Dale C"]
[Result "1/2-1/2"]
[WhiteElo "2093"]
[BlackElo "1975"]
[PlyCount "98"]
[EventDate "2011.??.??"]
[WhiteTeam "Warwickshire Select 2"]
[BlackTeam "Guildford A&DC 3"]

1. e4 c5 2. Nc3 Nc6 3. g3 g6 4. Bg2 Bg7 5. d3 e6 6. Be3 d6 7. Qd2 Nge7 8. Bh6
Bxh6 9. Qxh6 Ng8 10. Qd2 Rb8 11. f4 Nge7 12. Nf3 b5 13. O-O O-O 14. f5 exf5 15.
Nh4 b4 16. Nd1 fxe4 17. dxe4 Ne5 18. Ne3 Qb6 19. Kh1 Be6 20. Nef5 Bxf5 21. exf5
Kh8 22. Rad1 Rbd8 23. fxg6 hxg6 24. Rf6 Kg7 25. Rxd6 Rxd6 26. Qxd6 Qxd6 27.
Rxd6 Nc4 28. Rd7 Kf6 29. b3 Ne3 30. Be4 c4 31. Ng2 Ng4 32. Kg1 cxb3 33. axb3 a5
34. h3 Ne5 35. Ra7 N5c6 36. Ra6 Rc8 37. Ne3 Ke5 38. Bd3 Kd4 39. Nc4 Nd5 40.
Nxa5 Nxa5 41. Rxa5 Ne3 42. Rb5 Nxc2 43. Bxc2 Rxc2 44. Rxb4+ Ke3 45. Rc4 Rxc4
46. bxc4 Kd4 47. Kf2 Kxc4 48. Ke3 Kd5 49. Kf4 f6 1/2-1/2

[Event "4NCL"]
[Site "De Vere, Sunningdale, ENG"]
[Date "2011.02.19"]
[Round "5.39"]
[White "Bryant, Richard BE"]
[Black "Ingram, Keith R"]
[Result "1/2-1/2"]
[WhiteElo "1973"]
[BlackElo "2078"]
[PlyCount "75"]
[EventDate "2011.??.??"]
[WhiteTeam "Guildford A&DC 3"]
[BlackTeam "Warwickshire Select 2"]

1. e4 e5 2. Nf3 Nc6 3. d4 exd4 4. Bc4 Nf6 5. e5 d5 6. Bb5 Bb4+ 7. c3 dxc3 8.
bxc3 Be7 9. exf6 Bxf6 10. Ba3 Be6 11. O-O Qd7 12. Nd4 a6 13. Qa4 Bxd4 14. cxd4
Rb8 15. Bxc6 Qxc6 16. Qxc6+ bxc6 17. Nd2 f6 18. Rfe1 Kf7 19. Nb3 Rhe8 20. Nc5
Bf5 21. Rxe8 Rxe8 22. Kf1 h5 23. Re1 Rh8 24. f3 g5 25. Nb3 Kg6 26. Kf2 g4 27.
Na5 Bd3 28. Re7 Bb5 29. Rxc7 Re8 30. Re7 Rc8 31. fxg4 hxg4 32. Kg3 Kf5 33. Nb7
Rh8 34. Bc1 Kg6 35. Bf4 f5 36. Na5 Rc8 37. Nb3 Kf6 38. Rd7 1/2-1/2

[Event "4NCL"]
[Site "De Vere, Sunningdale, ENG"]
[Date "2011.02.19"]
[Round "5.39"]
[White "Page, Mark E"]
[Black "Higgs, Anthony RJ"]
[Result "0-1"]
[WhiteElo "2046"]
[BlackElo "1976"]
[PlyCount "80"]
[EventDate "2011.??.??"]
[WhiteTeam "Warwickshire Select 2"]
[BlackTeam "Guildford A&DC 3"]

1. e4 d6 2. d4 Nf6 3. Nc3 e5 4. Nf3 Nbd7 5. Bc4 h6 6. O-O Be7 7. Re1 c6 8. a4
Qc7 9. a5 Nf8 10. h3 g5 11. Nh2 Ng6 12. b3 Nf4 13. Bb2 Rg8 14. dxe5 dxe5 15.
Ng4 Nxg4 16. hxg4 Bd7 17. g3 Qc8 18. f3 h5 19. Na4 Nh3+ 20. Kh2 hxg4 21. Bxe5
Be6 22. Qd4 Bxc4 23. bxc4 gxf3 24. Rad1 Nf4 25. gxf4 Qg4 26. Qd7+ Qxd7 27. Rxd7
Kxd7 28. f5 Rae8 29. Rb1 Bb4 30. Bg3 Bxa5 31. Rxb7+ Kd8 32. Rxa7 Rh8+ 33. Kg1
Rh3 34. Kf2 Be1+ 35. Kxe1 Rxg3 36. Ra8+ Ke7 37. Ra7+ Kf8 38. Kf2 Rh3 39. Nc5 g4
40. Rc7 Rh2+ 0-1

[Event "4NCL"]
[Site "De Vere, Sunningdale, ENG"]
[Date "2011.02.19"]
[Round "5.39"]
[White "Taylor, Adam A"]
[Black "Fallowfield, Jeremy"]
[Result "0-1"]
[WhiteElo "1828"]
[BlackElo "2044"]
[PlyCount "36"]
[EventDate "2011.??.??"]
[WhiteTeam "Guildford A&DC 3"]
[BlackTeam "Warwickshire Select 2"]

1. Nf3 f5 2. e4 fxe4 3. Ng5 Nc6 4. d3 e3 5. Bxe3 e5 6. Nc3 d5 7. d4 exd4 8. Bd3
Nf6 9. Bxh7 Rxh7 10. Nxh7 dxe3 11. fxe3 Be6 12. O-O Be7 13. Ng5 Qd7 14. Qd3
O-O-O 15. Qg6 Ne5 16. Qxg7 Rg8 17. Qh6 Neg4 18. Qh4 Ne8 0-1

[Event "4NCL"]
[Site "De Vere, Sunningdale, ENG"]
[Date "2011.02.19"]
[Round "5.39"]
[White "Webster, Paul"]
[Black "Galer, Sebastian E"]
[Result "1-0"]
[WhiteElo "2034"]
[BlackElo "1890"]
[PlyCount "85"]
[EventDate "2011.??.??"]
[WhiteTeam "Warwickshire Select 2"]
[BlackTeam "Guildford A&DC 3"]

1. d4 d6 2. Nf3 Nf6 3. g3 g6 4. Bg2 Bg7 5. O-O c6 6. c4 O-O 7. Nc3 Na6 8. b3
Rb8 9. Bb2 b5 10. Nd2 bxc4 11. Nxc4 Be6 12. Ne3 d5 13. Na4 Qd7 14. Rc1 Rfc8 15.
Ba3 Ng4 16. Nc2 Bf5 17. h3 Nf6 18. Kh2 h5 19. Ne3 Bh6 20. Nxf5 Qxf5 21. Rc3 Ne4
22. Bxe4 Qxe4 23. f3 Qe6 24. f4 f5 25. Qd2 Bf8 26. Rfc1 Qd7 27. Bc5 e6 28. Bxf8
Kxf8 29. Nc5 Nxc5 30. Rxc5 Rb5 31. R5c3 Qd6 32. Qc2 Rb6 33. Rc5 h4 34. e3 hxg3+
35. Kxg3 g5 36. Qf2 Rc7 37. Kf3 gxf4 38. exf4 Qe7 39. Rg1 Rb5 40. Qg3 Qh7 41.
Qg5 Qxh3+ 42. Kf2 Ke8 43. Qg8+ 1-0

[Event "4NCL"]
[Site "De Vere, Sunningdale, ENG"]
[Date "2011.02.19"]
[Round "5.40"]
[White "Adebajo, Olufemi"]
[Black "Brockbank, Henry"]
[Result "1/2-1/2"]
[WhiteElo "1971"]
[BlackElo "2105"]
[PlyCount "45"]
[EventDate "2011.??.??"]
[WhiteTeam "FCA Solutions 2"]
[BlackTeam "Halesowen"]

1. e4 d5 2. exd5 Nf6 3. Bb5+ Bd7 4. Bxd7+ Qxd7 5. Nf3 Qxd5 6. O-O e6 7. b3 Be7
8. d4 c6 9. Bb2 O-O 10. c4 Qa5 11. Qd3 Nbd7 12. Nc3 Ba3 13. Bxa3 Qxa3 14. Rad1
Qa5 15. Rfe1 Rfd8 16. Qc2 Qc7 17. Ne4 Qf4 18. Ng3 Rac8 19. b4 a6 20. a4 Qd6 21.
Qb3 b5 22. axb5 axb5 23. c5 1/2-1/2

[Event "4NCL"]
[Site "De Vere, Sunningdale, ENG"]
[Date "2011.02.19"]
[Round "5.40"]
[White "Hurney, Kevin"]
[Black "Valentine, Brian J"]
[Result "1-0"]
[WhiteElo "2058"]
[BlackElo "1972"]
[PlyCount "43"]
[EventDate "2011.??.??"]
[WhiteTeam "Halesowen"]
[BlackTeam "FCA Solutions 2"]

1. e4 e5 2. Nf3 Nc6 3. Bb5 a6 4. Ba4 Nf6 5. O-O Bc5 6. Nxe5 Nxe5 7. d4 Nxe4 8.
dxc5 Nxc5 9. Qd5 Qe7 10. Bb3 d6 11. Nc3 O-O 12. Bf4 Be6 13. Qd2 Nxb3 14. axb3
Qf6 15. Bg5 Qf5 16. Ra4 Nc6 17. h3 Rfe8 18. Rg4 Qa5 19. Rg3 Kh8 20. Bf6 Qf5 21.
Bxg7+ Kg8 22. Bf6+ 1-0

[Event "4NCL"]
[Site "De Vere, Sunningdale, ENG"]
[Date "2011.02.19"]
[Round "5.40"]
[White "Matthews, Adrian MS"]
[Black "Pugh, Glyn D"]
[Result "1-0"]
[WhiteElo "1909"]
[BlackElo "1994"]
[PlyCount "66"]
[EventDate "2011.??.??"]
[WhiteTeam "FCA Solutions 2"]
[BlackTeam "Halesowen"]

1. e4 e6 2. d4 d5 3. e5 c5 4. c3 Nc6 5. Nf3 Qb6 6. Bd3 Bd7 7. dxc5 Bxc5 8. O-O
Qc7 9. Qe2 a6 10. Nbd2 f6 11. Nb3 Be7 12. Bf4 f5 13. Rfe1 g6 14. Rac1 b5 15. a3
a5 16. Ng5 Nh6 17. Nd4 Bxg5 18. Bxg5 Nf7 19. Bf6 Rg8 20. f4 Qb6 21. Qe3 Rb8 22.
b4 Rb7 23. Nb3 Qxe3+ 24. Rxe3 Nb8 25. Nc5 Rb6 26. Bh4 Nd8 27. Bf2 Nb7 28. Nb3
Rc6 29. h4 Kf7 30. Re2 Rgc8 31. Nc5 Nxc5 32. Bxc5 Be8 33. Bd4 R8c7 1-0

[Event "4NCL"]
[Site "De Vere, Sunningdale, ENG"]
[Date "2011.02.19"]
[Round "5.40"]
[White "Lee, Darren"]
[Black "Grainger, Benjamin P"]
[Result "1-0"]
[WhiteElo "1887"]
[BlackElo "1802"]
[PlyCount "67"]
[EventDate "2011.??.??"]
[WhiteTeam "Halesowen"]
[BlackTeam "FCA Solutions 2"]

1. d4 Nf6 2. c4 g6 3. Nc3 Bg7 4. e4 d6 5. Nf3 O-O 6. Be2 c6 7. O-O Na6 8. Be3
Ng4 9. Bg5 c5 10. h3 cxd4 11. Nxd4 Nf6 12. Be3 Nc5 13. Qc2 a6 14. Rac1 Bd7 15.
Rfd1 Rc8 16. Bf3 Ne8 17. Bg4 Nf6 18. Bxd7 Qxd7 19. Nd5 Nxd5 20. cxd5 Qd8 21. b4
Nd7 22. Qb3 Bxd4 23. Bxd4 f5 24. Rxc8 Qxc8 25. e5 Nxe5 26. Bxe5 dxe5 27. d6+
Kg7 28. d7 Qd8 29. Qd5 Rf6 30. Qxb7 Rf8 31. Rc1 e6 32. Rc8 Qg5 33. d8=Q+ Rf7
34. Qf8+ 1-0

[Event "4NCL"]
[Site "De Vere, Sunningdale, ENG"]
[Date "2011.02.19"]
[Round "5.40"]
[White "Asbury, Jon A"]
[Black "Shields, Callum T"]
[Result "1-0"]
[WhiteElo "1794"]
[BlackElo "1434"]
[PlyCount "153"]
[EventDate "2011.??.??"]
[WhiteTeam "Halesowen"]
[BlackTeam "FCA Solutions 2"]

1. d4 d5 2. c4 dxc4 3. e3 g6 4. Bxc4 Bg7 5. Nf3 Nf6 6. Nc3 Bf5 7. Qb3 O-O 8.
Qxb7 Nbd7 9. O-O Nb6 10. Qa6 c6 11. Bb3 Qd6 12. Qe2 Nbd5 13. Nxd5 cxd5 14. Bd2
Bg4 15. a3 Ne4 16. Bb4 Qd7 17. h3 Bxf3 18. Qxf3 a5 19. Bc3 Rfc8 20. Rfc1 e6 21.
Qe2 Qb7 22. Ba2 Rc6 23. Rc2 Bf8 24. Rac1 Qc7 25. Be1 Rxc2 26. Qxc2 Qxc2 27.
Rxc2 a4 28. f3 Nf6 29. Rc6 Be7 30. Bc3 Kf8 31. Bb1 Ke8 32. Bd3 Nd7 33. Ra6 Rxa6
34. Bxa6 Nb6 35. Bb5+ Kd8 36. Ba5 Kc7 37. Bxb6+ Kxb6 38. Bxa4 Ka5 39. Bb3 Kb5
40. Kf2 Bd6 41. g4 f6 42. Ke2 Bg3 43. Kd3 h6 44. e4 dxe4+ 45. fxe4 e5 46. d5
Bf2 47. Bc4+ Ka4 48. d6 Bb6 49. Bf7 Kb5 50. Bxg6 Kc5 51. d7 Bd8 52. b4+ Kb5 53.
Bf7 Bc7 54. Bb3 Bd8 55. Be6 Bc7 56. Kc3 Bd8 57. a4+ Ka6 58. Kc4 Kb6 59. a5+ Kb7
60. Kd5 Bc7 61. Kc5 Bd8 62. Bd5+ Kc7 63. a6 Be7+ 64. Kb5 Kb8 65. Kc6 Bd8 66. b5
Ka7 67. Kd6 f5 68. gxf5 h5 69. Kxe5 Bf6+ 70. Kxf6 h4 71. e5 Kb6 72. d8=Q+ Kc5
73. Qd6+ Kd4 74. Bc4+ Ke4 75. Qd3+ Kf4 76. Qd2+ Ke4 77. Bd5# 1-0

[Event "4NCL"]
[Site "De Vere, Sunningdale, ENG"]
[Date "2011.02.19"]
[Round "5.41"]
[White "Bonafont, Philip R"]
[Black "Malhotra, Tarun"]
[Result "0-1"]
[WhiteElo "2155"]
[BlackElo "1926"]
[PlyCount "90"]
[EventDate "2011.??.??"]
[WhiteTeam "e2e4.org.uk 2"]
[BlackTeam "AMCA Hippos"]

1. d4 Nf6 2. Nf3 g6 3. c4 Bg7 4. Nc3 d6 5. e4 O-O 6. Be2 e5 7. d5 a5 8. Bg5 h6
9. Bh4 Na6 10. Nd2 Qe8 11. O-O Nh7 12. a3 g5 13. Bg3 f5 14. f3 f4 15. Bf2 h5
16. b4 Qg6 17. Kh1 g4 18. c5 g3 19. Bg1 h4 20. Re1 h3 21. Bf1 Qh5 22. cxd6 Rf6
23. Nc4 gxh2 24. Bc5 b6 25. Bxb6 cxb6 26. Nxb6 Rb8 27. d7 hxg2+ 28. Bxg2 Bb7
29. Nc8 Rf8 30. Ne7+ Kh8 31. Nc6 Ng5 32. Nxb8 Nxb8 33. Na4 Nxd7 34. Nc5 Bc8 35.
Ra2 Nf6 36. d6 Qh4 37. Bf1 Nxf3 38. Qxf3 Qxe1 39. Rxh2+ Kg8 40. Qb3+ Rf7 41.
Qc4 Ng4 42. d7 Bxd7 43. Nxd7 Nxh2 44. Kxh2 Qg3+ 45. Kh1 Qh4+ 0-1

[Event "4NCL"]
[Site "De Vere, Sunningdale, ENG"]
[Date "2011.02.19"]
[Round "5.41"]
[White "Tart, Peter K"]
[Black "Mansson, James C"]
[Result "1/2-1/2"]
[WhiteElo "1940"]
[BlackElo "2128"]
[PlyCount "75"]
[EventDate "2011.??.??"]
[WhiteTeam "AMCA Hippos"]
[BlackTeam "e2e4.org.uk 2"]

1. e4 c5 2. Nc3 a6 3. f4 b5 4. g3 Bb7 5. Bg2 e6 6. d3 d5 7. Qe2 Be7 8. Nf3 Nc6
9. O-O d4 10. Nd1 Nf6 11. Nf2 Qc7 12. Bd2 h6 13. a3 Nd7 14. e5 O-O-O 15. Rae1
g5 16. fxg5 hxg5 17. Nxg5 Ncxe5 18. Bxb7+ Qxb7 19. Nfe4 f5 20. Nxe6 fxe4 21.
Nxd8 Bxd8 22. Qxe4 c4 23. Rf5 Qxe4 24. Rxe4 Bc7 25. dxc4 Nxc4 26. Bf4 Bb6 27.
Kg2 Nxb2 28. Re6 Nc4 29. a4 Ne3+ 30. Bxe3 dxe3 31. axb5 a5 32. c4 Kd8 33. h4 a4
34. Rf1 a3 35. Rd1 Rf8 36. Rxb6 e2 37. Rbd6 exd1=Q 38. Rxd1 1/2-1/2

[Event "4NCL"]
[Site "De Vere, Sunningdale, ENG"]
[Date "2011.02.19"]
[Round "5.41"]
[White "Coates, David H"]
[Black "Shaw, Matthew H"]
[Result "1/2-1/2"]
[WhiteElo "2069"]
[BlackElo "1919"]
[PlyCount "97"]
[EventDate "2011.??.??"]
[WhiteTeam "e2e4.org.uk 2"]
[BlackTeam "AMCA Hippos"]

1. d4 Nf6 2. c4 g6 3. Nc3 Bg7 4. e4 d6 5. Nf3 O-O 6. Be2 e5 7. O-O Nc6 8. d5
Ne7 9. b4 Ne8 10. Nd2 f5 11. c5 Nf6 12. f3 f4 13. Nc4 g5 14. Ba3 Ng6 15. b5
dxc5 16. Bxc5 Rf7 17. a4 h5 18. Kh1 g4 19. Rc1 Bf8 20. Bf2 Rg7 21. a5 Ne8 22.
fxg4 Qg5 23. gxh5 Nh4 24. Rg1 Nf6 25. Nxe5 Qxe5 26. Bxh4 Ng4 27. d6 f3 28. Qd5+
Qxd5 29. Nxd5 fxe2 30. h3 Nh6 31. Nxc7 Rb8 32. Ne8 Rf7 33. Nf6+ Kg7 34. Rge1
Rxf6 35. Bxf6+ Kxf6 36. Rxe2 Bxd6 37. Rd1 Ke6 38. Rf2 Bd7 39. b6 axb6 40. axb6
Bc6 41. Rxd6+ Kxd6 42. Rf6+ Ke5 43. Rxh6 Bxe4 44. Kh2 Rf8 45. g4 Rf2+ 46. Kg3
Rb2 47. Kh4 Bc6 48. Rg6 Be4 49. Rh6 1/2-1/2

[Event "4NCL"]
[Site "De Vere, Sunningdale, ENG"]
[Date "2011.02.19"]
[Round "5.41"]
[White "Lawson, Maurice E"]
[Black "Denton, John R"]
[Result "0-1"]
[WhiteElo "1832"]
[BlackElo "2062"]
[PlyCount "200"]
[EventDate "2011.??.??"]
[WhiteTeam "AMCA Hippos"]
[BlackTeam "e2e4.org.uk 2"]

1. e4 c6 2. d4 d5 3. f3 dxe4 4. fxe4 e5 5. Nf3 Be6 6. Be3 Nd7 7. Nbd2 Ngf6 8.
Bd3 exd4 9. Nxd4 Bg4 10. Be2 Ne5 11. h3 Bxe2 12. Qxe2 Bd6 13. Nf5 O-O 14. O-O-O
Qc7 15. Bg5 Nfd7 16. Nxd6 Qxd6 17. Rhf1 Rfe8 18. Kb1 f6 19. Bf4 Qe6 20. g4 h6
21. Bh2 Re7 22. Nf3 Nxf3 23. Qxf3 Ne5 24. Bxe5 Qxe5 25. Rfe1 Rae8 26. a3 Qe6
27. Rd3 Qc4 28. Rc3 Qa4 29. Rce3 Re5 30. h4 b5 31. Qe2 a5 32. Qd3 Kh7 33. g5
hxg5 34. hxg5 fxg5 35. Rh1+ Kg8 36. Reh3 Qxe4 37. Rh8+ Kf7 38. Rf1+ Kg6 39. Qh3
Rxh8 40. Qxh8 Qh4 41. Qf8 Re1+ 42. Rxe1 Qxe1+ 43. Ka2 Qe6+ 44. Kb1 a4 45. Qf2
Qe4 46. Qh2 Qe1+ 47. Ka2 Qe6+ 48. Kb1 Qd5 49. Qe2 Kf5 50. Qf2+ Ke5 51. Qg3+ Ke6
52. Qg4+ Kd6 53. Ka1 Kc7 54. Qg3+ Kb7 55. Qg4 g6 56. Kb1 Qf5 57. Qe2 g4 58.
Qe7+ Kb6 59. Qd8+ Kc5 60. Qe7+ Kd5 61. Qd8+ Ke6 62. Qe8+ Kd5 63. Qd8+ Kc4 64.
Qd6 Qe4 65. Ka2 c5 66. b3+ axb3+ 67. cxb3+ Kc3 68. Qxc5+ Kd2 69. Qg5+ Kd1 70.
Qd8+ Ke1 71. Qh4+ Kf1 72. Qf6+ Kg1 73. Qb6+ Kf1 74. Qf6+ Kg2 75. Qb2+ Kg3 76.
Qc3+ Qf3 77. Qe5+ Kf2 78. Qd4+ Kf1 79. Qa1+ Kg2 80. a4 bxa4 81. bxa4 g3 82. Qc1
Kh2 83. Qh6+ Qh5 84. Qf4 Qd5+ 85. Ka3 g5 86. Qb8 Qd3+ 87. Ka2 Qc2+ 88. Ka3 Qc3+
89. Ka2 Kg1 90. Qb1+ Kh2 91. Qh7+ Kg2 92. Qe4+ Qf3 93. Qb1 Kf2 94. Qb6+ Qe3 95.
Qf6+ Ke2 96. Qa6+ Qd3 97. Qe6+ Kd2 98. Qg4 Kc3 99. a5 Qd5+ 100. Kb1 Qb3+ 0-1